[Event "Rohde op 10th"]
[Site "Sautron"]
[Date "2010.10.26"]
[Round "5"]
[White "Le Loarer, Herve"]
[Black "Sarrazin, Christian"]
[Result "0-1"]
[WhiteElo "1696"]
[BlackElo "2043"]
[PlyCount "40"]
[EventDate "2010.10.23"]
[EventType "swiss"]
[EventRounds "9"]
[EventCountry "FRA"]
[SourceTitle "EXT 2012"]
[Source "ChessBase"]
[SourceDate "2011.11.24"]
[SourceVersion "1"]
[SourceVersionDate "2011.11.24"]
[SourceQuality "1"]

1. d4 d5 2. Nf3 Nf6 3. c4 c6 4. Nc3 e6 5. Bg5 Nbd7 6. e3 Bd6 7. Bd3 0-0 8. Qc2 h6 9. h4 dxc4 10. Bxc4 c5 11. 0-0-0 cxd4 12. Rxd4 Qe7 13. Rh3 Bc5 14. Rg4 Qd6 15. Ne4 Nxe4 16. Qxe4 Kh8 17. Bf4 Qe7 18. Qc2 e5 19. Qc3 Nf6 20. Bxe5 Bxg4 0-1

[Event "FRA-chT3 Gr5 "]
[Site "Bretagne"]
[Date "2006.??.??"]
[Round "9.7"]
[White "Le Loarer, Herve"]
[Black "Mouden, Herve"]
[Result "0-1"]
[WhiteElo "1750"]
[BlackElo "1920"]
[PlyCount "98"]
[EventDate "2006.??.??"]
[EventType "team"]
[EventRounds "9"]
[EventCountry "FRA"]
[SourceTitle "EXT 2007"]
[Source "ChessBase"]
[SourceDate "2006.11.23"]
[SourceVersion "1"]
[SourceVersionDate "2006.11.23"]
[SourceQuality "1"]
[WhiteTeam "Sautron II"]
[BlackTeam "Arradon"]
[WhiteTeamCountry "FRA"]
[BlackTeamCountry "FRA"]

1. d4 c6 2. Nf3 d5 3. c4 Nf6 4. Nc3 g6 5. Bf4 Bg7 6. e3 0-0 7. cxd5 Nxd5 8. Be5 Nf6 9. Be2 Nbd7 10. Bg3 Re8 11. Ne5 Qa5 12. 0-0 Nxe5 13. Bxe5 Bf5 14. f3 Rad8 15. Qb3 b5 16. a3 Bh6 17. Kf2 Qb6 18. Rad1 Nd7 19. Bg3 e5 20. Qb4 Bc2 21. f4 Bf8 22. Nd5 cxd5 23. Qxb5 Bxd1 24. Rxd1 Nf6 25. fxe5 Ne4+ 26. Kf3 Nxg3 27. Kxg3 Bh6 28. Qxb6 axb6 29. Rd3 f6 30. Rb3 fxe5 31. Bf3 exd4 32. exd4 Re3 33. Rxb6 Rd3 34. Rb4 Be3 35. a4 Rxd4 36. Rxd4 Bxd4 37. b4 Be5+ 38. Kf2 d4 39. a5 d3 40. a6 d2 41. Bd1 Bd4+ 42. Ke2 Bb6 43. Bc2 Kf8 44. Kd1 Rd4 45. h3 Ke7 46. g3 Kf6 47. g4 h6 48. Ke2 g5 49. b5 Ke5 0-1

[Event "FRA-chT3 0405"]
[Site "France"]
[Date "2004.12.05"]
[Round "3.6"]
[White "Tranvouez, Pierre"]
[Black "Le Loarer, Herve"]
[Result "0-1"]
[WhiteElo "1560"]
[BlackElo "2077"]
[PlyCount "52"]
[EventDate "2004.10.10"]
[EventType "team"]
[EventRounds "9"]
[EventCountry "FRA"]
[SourceTitle "EXT 2007"]
[Source "ChessBase"]
[SourceDate "2006.11.23"]
[SourceVersion "1"]
[SourceVersionDate "2006.11.23"]
[SourceQuality "1"]

1. d4 Nf6 2. c4 e5 3. dxe5 Ne4 4. Nf3 Bb4+ 5. Bd2 Nxd2 6. Nbxd2 Nc6 7. e4 0-0 8. a3 Be7 9. Be2 Re8 10. 0-0 d6 11. exd6 Bxd6 12. b4 Qf6 13. c5 Bf4 14. Bd3 Bg4 15. Qc2 Qh6 16. g3 Bxd2 17. Nxd2 Nd4 18. Qc3 Rad8 19. f3 Qe3+ 20. Kg2 Ne2 21. Rae1 Rxd3 22. Qc4 Be6 23. Qb5 c6 24. Nc4 cxb5 25. Nxe3 Rxe3 26. Rf2 Bc4 0-1

[Event "FRA-chT4 0001"]
[Site "Bretagne"]
[Date "2001.03.11"]
[Round "6"]
[White "Jaouen, Bruno"]
[Black "Le Loarer, Herve"]
[Result "0-1"]
[WhiteElo "1660"]
[BlackElo "1660"]
[PlyCount "86"]
[EventDate "2000.10.??"]
[EventType "team"]
[EventRounds "7"]
[EventCountry "FRA"]
[SourceTitle "EXT 2005"]
[Source "ChessBase"]
[SourceDate "2004.11.15"]
[SourceVersion "1"]
[SourceVersionDate "2004.11.15"]
[SourceQuality "1"]

1. e4 d5 2. exd5 Nf6 3. d4 Nxd5 4. c4 Nb6 5. Nc3 g6 6. Nf3 Bg4 7. Be2 Bg7 8. 0-0 0-0 9. Be3 Nc6 10. d5 Bxf3 11. Bxf3 Ne5 12. Bxb6 axb6 13. Be2 c6 14. Qc2 Qc7 15. f4 Nd7 16. Rad1 f5 17. Kh1 Nf6 18. b3 Rfd8 19. dxc6 bxc6 20. g3 e5 21. fxe5 Qxe5 22. Bf3 Qc7 23. Ne2 Rd6 24. Rxd6 Qxd6 25. Rd1 Qc5 26. Nd4 Ne4 27. Bxe4 Bxd4 28. Bf3 Bg7 29. Qe2 Qe5 30. Qxe5 Bxe5 31. Bxc6 Rxa2 32. Rd8+ Kg7 33. Rd5 Kf6 34. Ba4 f4 35. gxf4 Bxf4 36. Rb5 Rxh2+ 37. Kg1 Re2 38. Kh1 Be3 39. b4 Ra2 40. Bb3 Rb2 41. Ba4 Ra2 42. Bb3 Ra3 43. Bc2 Rc3 0-1

[Event "FRA-chT4 0001"]
[Site "Bretagne"]
[Date "2001.01.14"]
[Round "4"]
[White "Delaire, Eric"]
[Black "Le Loarer, Herve"]
[Result "1-0"]
[WhiteElo "1870"]
[BlackElo "1660"]
[PlyCount "65"]
[EventDate "2000.10.??"]
[EventType "team"]
[EventRounds "7"]
[EventCountry "FRA"]
[SourceTitle "EXT 2005"]
[Source "ChessBase"]
[SourceDate "2004.11.15"]
[SourceVersion "1"]
[SourceVersionDate "2004.11.15"]
[SourceQuality "1"]

1. e4 d5 2. exd5 Nf6 3. Bb5+ Bd7 4. Bc4 c6 5. Nc3 g6 6. Nf3 Bg4 7. dxc6 Nxc6 8. h3 Bxf3 9. Qxf3 Bg7 10. Bb5 Rc8 11. 0-0 0-0 12. Bxc6 Rxc6 13. Qe3 a6 14. d3 Re8 15. Bd2 Nd5 16. Nxd5 Qxd5 17. c4 Qf5 18. g4 Qd7 19. Bc3 e5 20. Rad1 Rd6 21. Bb4 Rd4 22. Bc3 Rf4 23. Rfe1 Qc6 24. Qg3 Rf3 25. Qg2 Qf6 26. Bxe5 Rxe5 27. Rxe5 Qc6 28. Rd5 Qf6 29. Re1 Bf8 30. Re8 Kg7 31. Rdd8 Bc5 32. d4 Bb4 33. g5 1-0